00559cam a2200145 4500008004100000020001500041035001300056245008100069246004600150260005400196300003300250504003900283650004100322650005000363070803t20022002nyua 000 0 eng u a0195219155 a a46298900aHuman development report 2002 :b deepening democracy in a fragmented world.30aDeepening democracy in a fragmented world aNew York, N.Y. :bOxford University Press,cc2002 axiv, 277 p. :bil. ;c28 cm. aIncluye bibliografías e índice 4aDemocraciavestudios Cruz-culturales 4apolítico participaciónvcultural estudiar